000
00256nam a2200097Ia 4500
005
20251222114415.0
008
251222s1900||||xx |||||||||||||| ||spa||
082
_a
DVD0120/M87/1980/T.2/Ej.2
245
0
_a
Un ballo in maschera:Un baile de máscaras
942
_c
DVD
999
_c
2199
_d
2199